[Event "Hoogovens op"]
[Site "Wijk aan Zee"]
[Date "1995.01.??"]
[Round "8"]
[White "Short, Nigel D"]
[Black "Almasi, Zoltan"]
[Result "1/2-1/2"]
[WhiteElo "2655"]
[BlackElo "2590"]
[Annotator "Ftacnik,L"]
[PlyCount "79"]
[EventDate "1995.01.??"]
[EventType "swiss"]
[EventRounds "12"]
[EventCountry "NED"]
[SourceTitle "CBM 046"]
[Source "ChessBase"]
[SourceDate "1995.06.01"]
[SourceVersion "1"]
[SourceVersionDate "1995.06.01"]
[SourceQuality "1"]

1. e4 e5 2. Nf3 Nc6 3. Bb5 a6 4. Ba4 Nf6 5. O-O Be7 6. Qe2 b5 7. Bb3 O-O 8. c3
d5 9. d3 Bb7 10. Nbd2 Re8 11. a3 Bf8 12. Re1 Qd7 (12... Na5 13. Ba2 c5 14. b4
$1 Nc6 15. exd5 Nxd5 16. Ne4 cxb4 17. Nfg5 $1 $16 {Short,N-Huebner,R/Manila
izt/1990/}) 13. exd5 Nxd5 14. Ne4 Rad8 15. Bg5 Be7 (15... f6 $2 16. Bxf6 $1 $18
) 16. Rad1 Qg4 17. h3 Qh5 18. Ba2 h6 19. Bd2 Qg6 20. Ng3 Bf8 21. d4 $1 Nf4 (
21... exd4 22. Qxe8 Rxe8 23. Rxe8 Nf6 24. Bb1 $5 d3 25. Re3 $14) 22. Qf1 e4 23.
Nh4 $1 (23. Bb1 $2 exf3 24. Bxg6 fxg2) 23... Qf6 24. Bxf4 Qxf4 25. Ng6 Qd6 26.
Nxf8 Qxf8 27. d5 $2 (27. Nxe4 Nxd4 28. Rxd4 Rxd4 29. Nf6+ gxf6 30. cxd4 Rxe1
31. Qxe1 Qd8 $10) (27. Bb1 $1 f5 $140 28. f3 $1 $16) 27... Ne7 28. d6 Rxd6 29.
Rxd6 cxd6 30. Nxe4 Ng6 31. Qd3 $2 (31. Ng3) (31. Nd2) 31... d5 $1 (31... Nf4 $6
32. Nf6+ $1 gxf6 33. Qg3+ Kh8 34. Rxe8 Qxe8 35. Qxf4) (31... Kh8 $5) 32. Bxd5
Nf4 (32... Rd8 33. Nf6+ $1 Kh8 (33... gxf6 34. Qxg6+) 34. Qf3 $16) 33. Nf6+
gxf6 34. Qg3+ Kh8 (34... Kh7 35. Rxe8 Qxe8 36. Qxf4 Bxd5 37. Qf5+ $14) 35. Rxe8
Qxe8 36. Qxf4 (36. Bxb7 $2 Ne2+ $19) 36... Bxd5 37. Qxh6+ Kg8 38. Qxf6 Qe4 $6
39. Qg5+ Kf8 40. Qd8+ 1/2-1/2

[Event "Budapest m"]
[Site "Budapest"]
[Date "1993.??.??"]
[Round "6"]
[White "Polgar, Judit"]
[Black "Spassky, Boris Vasilievich"]
[Result "1/2-1/2"]
[WhiteElo "2595"]
[BlackElo "2565"]
[Annotator "Ftacnik,L"]
[PlyCount "85"]
[EventDate "1993.01.??"]
[EventType "match"]
[EventRounds "10"]
[EventCountry "HUN"]
[SourceTitle "CBM 033"]
[Source "ChessBase"]
[SourceDate "1993.04.01"]
[SourceVersion "1"]
[SourceVersionDate "1993.04.01"]
[SourceQuality "1"]

1. e4 e5 2. Nf3 Nc6 3. Bb5 a6 4. Ba4 Nf6 5. O-O Be7 6. Qe2 b5 7. Bb3 O-O 8. c3
d6 9. d4 Bg4 10. Rd1 exd4 11. cxd4 d5 12. e5 Ne4 13. a4 (13. Nc3 $1) 13... b4
$1 (13... Rb8 14. axb5 axb5 15. h3 Bh5 16. Be3 Qd7 $14 {Anand,V-Kamsky,G/
Moscow/1992/}) 14. a5 Kh8 $1 (14... f6 $2 15. Qxe4 $18) 15. Qc2 $6 (15. Nbd2 $2
Nxd4 $1) (15. Bc2 $5 f5 16. exf6 $5 Nxf6 $5 17. Be3 {/\ Bc2-d3}) 15... Na7 $1
16. Nbd2 f5 17. exf6 Nxf6 18. Re1 c5 $1 19. Ne5 $5 (19. dxc5 $6 Rc8 $132) 19...
c4 $5 (19... Rc8 $5) 20. Ndxc4 $5 (20. Ba4 $2 b3 $1 21. Qc3 Rb8) 20... Rc8 (
20... dxc4 21. Bxc4 Bh5 22. Qd3 $13 Nb5 $140 $2 23. Nc6) 21. Qd3 dxc4 22. Bxc4
Nb5 $1 23. Bg5 $1 (23. Nf7+ $2 Rxf7 24. Bxf7 Nxd4 $19) 23... Bh5 24. Re3 $1
Qxd4 $5 (24... Be8 $6 25. Rae1 (25. Rh3 $2 Nh5 $1) 25... Rc7) (24... Rxc4 $5
25. Qxc4 Qxd4 $15) 25. Bxb5 Qxb2 26. Rb1 Rc1+ 27. Rxc1 Qxc1+ 28. Qf1 Qxf1+ (
28... Qc7 $1 29. Bxa6 Bc5 $1 $36) 29. Bxf1 Bc5 $1 30. Rh3 $1 Ng4 31. Rxh5 (31.
Nxg4 Bxg4 32. Be3 $1 Bxh3 33. Bxc5 Rc8 34. Bxb4 Be6 35. f3 (35. Bxa6 $2 Rc1+
36. Bf1 Bc4 $19) 35... Bc4 36. Bxc4 Rxc4 37. Bd6 $15) 31... Nxe5 (31... Rxf2 $2
32. Nd3 $1) (31... Bxf2+ 32. Kh1 Nxe5 33. Be7 Rc8 34. Rxe5 Rc1 35. g4 Rxf1+ 36.
Kg2 Re1 37. Rf5 h6 38. Bxb4 $10) (31... Nxf2 32. Ng6+ Kg8 33. Nxf8 Nh3+ 34. Kh1
Nf2+ 35. Kg1 Nh3+ $10) 32. Be7 $1 (32. Be3 $2 Bxe3 33. fxe3 Re8 $19 {/\
b4-b3-b2-b1Q}) 32... Bxe7 33. Rxe5 Bf6 34. Re3 $1 Bd4 35. Rf3 Rxf3 36. gxf3 b3
37. Bxa6 Bc3 38. Bc4 $1 b2 39. Ba2 Bxa5 40. f4 $1 Bc7 $6 41. f5 h5 42. Kg2 Kh7
43. h4 1/2-1/2

[Event "Interpolis"]
[Site "Tilburg"]
[Date "1992.10.21"]
[Round "5.2"]
[White "Smirin, Ilia"]
[Black "Nikolic, Predrag"]
[Result "1-0"]
[WhiteElo "2555"]
[BlackElo "2625"]
[Annotator "Ftacnik,L"]
[PlyCount "127"]
[EventDate "1992.10.08"]
[EventType "k.o."]
[EventRounds "7"]
[EventCountry "NED"]
[SourceTitle "CBM 032"]
[Source "ChessBase"]
[SourceDate "1993.02.01"]
[SourceVersion "1"]
[SourceVersionDate "1993.02.01"]
[SourceQuality "1"]

1. e4 e5 2. Nf3 Nc6 3. Bb5 a6 4. Ba4 Nf6 5. O-O Be7 6. Qe2 b5 7. Bb3 O-O 8. c3
d5 9. d3 d4 10. Bg5 (10. Nbd2 Bc5 $1 (10... Re8 11. cxd4 Nxd4 12. Nxd4 exd4 13.
Nf3 Bf8 14. Bg5 h6 15. Bh4 c5 16. Nd2 Qb6 17. Kh1 Bb7 18. Rae1 Rac8 19. Qf3 Rc6
20. Qd1 Qc7 21. f4 Nh7 22. Bg3 c4 23. dxc4 bxc4 24. Ba4 c3 25. Nb3 cxb2 26.
Bxc6 $13 {Weill,R-Hoffman,R/Uzes op/1989/}) 11. Bc2 Bb6 12. Nb3 Bg4 13. h3 Bxf3
14. Qxf3 a5 $6 15. a3 $1 a4 16. Nd2 Ba5 17. c4 Bxd2 18. Bxd2 bxc4 19. Rfc1 $3
Qd6 20. Qd1 c3 $8 21. bxc3 dxc3 22. Bxc3 Nd4 23. Ra2 $1 Nxc2 $6 24. Raxc2 Rfd8
25. Bb4 Qxd3 $4 26. Rd2 {1-0/Short,N-Karpov,An/Linares (m/6)/1992/}) (10. Rd1
Bc5 (10... Be6 11. Nbd2 Re8 12. Bxe6 fxe6 13. Nb3 dxc3 14. bxc3 Bd6 15. d4 Nd7
16. Bg5 Qc8 17. c4 Nxd4 18. Nbxd4 exd4 19. e5 Bf8 20. Rxd4 c6 21. Rh4 Be7 22.
Bxe7 Rxe7 23. Ng5 h6 24. Ne4 Qc7 25. Nd6 Rd8 26. Rd1 $16 {Spassky,B-Donner,J/
Santa Monica/1966/}) 11. c4 Qd6 12. Bg5 Na5 13. Nbd2 h6 14. Bxf6 Qxf6 15. cxb5
axb5 16. Bd5 c6 17. a3 cxd5 18. b4 Bd6 19. bxa5 Be6 20. Rab1 Rxa5 21. exd5 Bxd5
22. Ne4 Qe6 23. Qe1 Rfa8 24. Nxd6 Bxf3 25. gxf3 Qxd6 26. Qe4 $17 {Zigura,
O-Smejkal,J/Pardubice op/1992/}) 10... Bg4 (10... Qd6 11. Nbd2 Be6) 11. h3 Bxf3
12. Qxf3 Na5 13. Bc2 c5 (13... dxc3 14. bxc3 b4 15. cxb4 Nc6 $13) 14. cxd4 cxd4
(14... Qxd4 15. Nc3 Nc6 16. a3 $14) 15. Bd2 Nc6 16. a3 (16. Rc1 Rc8 17. Bg5 h6
18. Bh4 Nb4 $132) 16... a5 17. a4 $1 b4 (17... Nb4 18. Bb3) (17... bxa4 18.
Rxa4 Bb4 19. Bg5 $14) 18. Bb3 Rc8 19. g3 Nd7 20. h4 Nc5 21. Bc4 Nb8 22. Be1 (
22. Bc1 Nbd7 23. Nd2 Nb6 $13) 22... Rc6 23. Kg2 Rg6 24. h5 (24. Rh1 Bxh4 $2 25.
Qh5 Rh6 26. Qxe5 $16) 24... Rh6 25. Nd2 Nbd7 26. Rh1 Nb6 27. Bb5 $1 Bg5 28. Qg4
(28. Nc4 Nxc4 29. Bxc4 $14) 28... Re6 29. f4 Bh6 30. Qf5 (30. Nc4 Nxd3 31. Nxb6
Nxe1+) 30... Nc8 31. fxe5 Bxd2 32. Bxd2 Nb3 33. Bg5 (33. Rad1 Nxd2 34. Rxd2 Ne7
35. Qg5 Nd5 $1 36. Qxd8 Ne3+ 37. Kg1 Rxd8 $13) 33... Qc7 34. Bc4 Rxe5 (34...
Nxa1 35. Bxe6 fxe6 36. Qxe6+ $18) 35. Qg4 Rxg5 $8 (35... Nxa1 36. Bf6 g6 37.
hxg6 $18) 36. Qxg5 h6 37. Qf4 Qxf4 38. gxf4 Nxa1 39. Rxa1 Nb6 40. Bb3 $16 Rc8
41. Kf3 Kf8 42. e5 Nd7 43. Bc4 Nc5 44. f5 f6 45. exf6 gxf6 46. Rg1 Ke7 47. b3
Kd6 48. Kf4 Nd7 49. Rg6 Rf8 50. Rxh6 Ne5 51. Bb5 Kd5 52. Rg6 Rc8 (52... Nxg6+
53. fxg6 $18) 53. Rxf6 Rc3 54. Ra6 Nxd3+ 55. Bxd3 Rxd3 56. Rxa5+ Kd6 57. Ke4
Rxb3 58. Kxd4 Rh3 59. Ra6+ Kc7 60. h6 b3 61. a5 Rh4+ 62. Ke5 Rb4 63. h7 Rb5+
64. Ke6 (64. Ke6 b2 65. h8=Q b1=Q 66. Rc6+ $1 Kxc6 67. Qc8#) 1-0

[Event "RUS-Cup7"]
[Site "Kstovo"]
[Date "1997.05.09"]
[Round "8"]
[White "Varavin, Viktor"]
[Black "Zaitsev, Igor A"]
[Result "0-1"]
[WhiteElo "2505"]
[BlackElo "2450"]
[Annotator "Hansen,LB"]
[PlyCount "82"]
[EventDate "1997.05.01"]
[EventType "swiss"]
[EventRounds "9"]
[EventCountry "RUS"]
[SourceTitle "CBM 059"]
[Source "ChessBase"]
[SourceDate "1997.08.01"]
[SourceVersion "1"]
[SourceVersionDate "1997.08.01"]
[SourceQuality "1"]

1. e4 e5 2. Nf3 Nc6 3. Bb5 a6 4. Ba4 Nf6 5. Qe2 Be7 6. O-O b5 7. Bb3 O-O 8. c3
d6 9. Rd1 {This line is often played by GM Tiviakov and IM Mortensen.} Qe8 $5 {
An interesting idea by the ever-inventive Zaitsev. Black puts pressure on the
e4-pawn.} 10. h3 Bd8 $5 11. d4 Bb7 12. Re1 Nd7 13. Nbd2 Bf6 14. d5 Ne7 15. Nf1
g6 $132 16. Bh6 Bg7 17. Qd2 Nc8 18. Bxg7 Kxg7 19. Ne3 Ncb6 20. h4 Qe7 $11 21.
Ng4 $2 {This allows Black to take over the initiative.} (21. h5) 21... f5 $1
22. exf5 gxf5 23. Ne3 f4 24. Ng4 Kh8 $40 {<-> g} 25. Rad1 Qg7 26. Ngh2 Nc5 27.
Bc2 Bxd5 $19 28. Ng5 h6 29. b4 Ne6 30. Ne4 Rg8 31. g3 Raf8 32. g4 Bc6 33. f3
Nc4 34. Qe2 Ne3 35. Rd2 Qe7 36. h5 Nxc2 37. Rxc2 Qh4 38. Kh1 Bxe4 39. Qxe4 Ng5
40. Qe2 Nxf3 $1 41. Qf2 Qxf2 0-1

[Event "Hoogovens"]
[Site "Wijk aan Zee"]
[Date "1995.01.??"]
[Round "3"]
[White "Tiviakov, Sergei"]
[Black "Short, Nigel D"]
[Result "0-1"]
[WhiteElo "2640"]
[BlackElo "2640"]
[Annotator "Hansen,LB"]
[PlyCount "98"]
[EventDate "1995.01.??"]
[EventType "k.o."]
[EventRounds "5"]
[EventCountry "NED"]
[SourceTitle "CBM 045"]
[Source "ChessBase"]
[SourceDate "1995.04.01"]
[SourceVersion "1"]
[SourceVersionDate "1995.04.01"]
[SourceQuality "1"]

1. e4 e5 2. Nf3 Nc6 3. Bb5 a6 4. Ba4 Nf6 5. Qe2 b5 6. Bb3 d6 7. c3 Be7 8. O-O
O-O 9. Rd1 {An interesting variation often played by Tiviakov and Mortensen.}
Bg4 $5 (9... Na5 10. Bc2 c5 11. d4 Qc7 12. Bg5 (12. dxe5 dxe5 13. Nbd2 Be6 (
13... Rd8 14. Nf1 Rxd1 15. Qxd1 Bb7 16. Ng3 g6 17. Bg5 Ne8 18. Bh6 Nc4 19. Qc1
Bc8 20. h3 Ng7 21. Nh2 Ne6 $10 {Orlov,V-Galdunts,S/St.Petersburg/1994/}) 14.
Nf1 Rfd8 15. Rxd8+ Rxd8 16. Ne3 h6 17. b3 c4 18. b4 Nb3 $5 19. axb3 cxb3 20.
Bb1 Qxc3 21. Bb2 Qxb4 $13 {Bisguier,A/London,D/New York op/1989/}) (12. d5 c4 (
12... Bd7 13. b3 Ne8 14. a4 bxa4 15. bxa4 g6 16. Bh6 Ng7 17. Na3 f5 18. exf5
Bxf5 19. Nd2 Nb7 20. Rdb1 Nd8 21. Bxf5 gxf5 $10 {Chiburdanidze,M-Spassky,B/
Monaco/1994/}) 13. b4 cxb3 14. axb3 Bg4 15. h3 Bh5 16. Bb2 Rfc8 17. Rc1 Qb6 18.
Nbd2 Nd7 19. Nf1 b4 20. cxb4 Qxb4 21. Qd2 Qxd2 22. N1xd2 Nb7 23. g4 Bg6 24. b4
$14 {Tiviakov,S-Khalifman,A/Belgrade/1993/}) (12. h3 Re8 13. d5 Nc4 14. b3 Nb6
15. a4 Bd7 16. c4 b4 17. Nbd2 Nh5 18. Nf1 Bf6 $14 {Mortensen,E-Hansen,LB/
DEN-ch/1994/}) 12... h6 13. Bxf6 Bxf6 14. dxc5 dxc5 15. Nbd2 Be6 16. Nf1 Rfd8
17. b3 Rxd1 18. Rxd1 Rd8 19. Ne3 c4 20. b4 {1/2/Balashov,Y-Magerramov,E/
Klaipeda/1988/}) 10. h3 $146 {10.d4 transposes to 9.d4,Bg4.10.Rd1.} (10. d4)
10... Bxf3 11. Qxf3 Na5 12. Bc2 c5 13. d3 Nd7 $10 14. Qg3 Kh8 15. Be3 Bh4 $1
16. Qg4 g6 $1 17. f4 $6 f5 $1 18. exf5 gxf5 19. Qf3 Rg8 $36 {X <->g} 20. Nd2 (
20. fxe5 Rg3 $1 21. Qe2 dxe5 $36) 20... Rg3 21. Qe2 Qe7 22. Bf2 Rg7 23. Kh1
Rag8 24. Rg1 Bxf2 25. Qxf2 Nf6 {/\ Nh5/Ng4->} 26. fxe5 Nh5 $1 27. exd6 Qe5 28.
Nf1 Nf4 29. Re1 (29. Ne3 Rg3 30. Rae1 (30. Ng4 fxg4 31. Qxg3 gxh3 $19 {->})
30... Nxh3 31. Qxf5 (31. gxh3 Rxh3+ $19) 31... Nf2+ $1 32. Qxf2 (32. Kh2 Rh3#)
32... Qh5#) 29... Nxh3 $1 30. Qh4 (30. Rxe5 $2 Nxf2+ 31. Kh2 Ng4+ $19) (30.
gxh3 Rxg1+ $19) 30... Qxd6 $1 31. Qxh3 Rg6 $1 32. Bd1 Rh6 33. Bh5 Rg5 34. g4 (
34. Re8+ Kg7) 34... Qc6+ 35. Qg2 (35. Kh2 fxg4 36. Rxg4 Rgxh5 $19) 35... fxg4
36. Qxc6 Rgxh5+ 37. Kg2 Nxc6 $19 38. Re8+ Kg7 39. Kg3 Ne5 40. Ne3 Kf7 41. Rd8
Rh3+ 42. Kf4 Rf6+ $1 43. Nf5 (43. Kxe5 Rxe3+ $19) 43... Rxd3 44. Rxd3 Nxd3+ 45.
Kg5 Rg6+ 46. Kh5 Nxb2 47. Rb1 Nd3 48. a4 g3 49. axb5 axb5 0-1

[Event "Interzonal-15"]
[Site "Manila"]
[Date "1990.??.??"]
[Round "7"]
[White "Short, Nigel D"]
[Black "Huebner, Robert"]
[Result "1-0"]
[WhiteElo "2610"]
[BlackElo "2585"]
[Annotator "Huebner,R"]
[PlyCount "81"]
[EventDate "1990.06.29"]
[EventType "swiss"]
[EventRounds "13"]
[EventCountry "PHI"]
[SourceTitle "CBM 019"]
[Source "ChessBase"]
[SourceDate "1990.12.01"]
[SourceVersion "1"]
[SourceVersionDate "1990.12.01"]
[SourceQuality "1"]

1. e4 e5 2. Nf3 Nc6 3. Bb5 a6 4. Ba4 Nf6 5. O-O Be7 6. Qe2 b5 7. Bb3 O-O 8. c3
d5 9. d3 Bb7 10. Re1 Re8 11. Nbd2 Bf8 12. a3 $1 (12. Nf1 Na5 {/\ c5=}) 12...
Na5 (12... Qd7 $5) (12... h6 $5) 13. Ba2 c5 $5 (13... dxe4 $6 14. dxe4 (14. Ng5
Bd5) 14... c5 15. b4 Nc6 16. Ng5 Re7 (16... c4 17. Nxc4 bxc4 18. Qxc4 $16) 17.
bxc5 h6 18. Nxf7 (18. Ngf3 Rd7 19. a4 Bxc5 20. axb5 axb5 21. Qxb5 Ra5 $44)
18... Rxf7 19. a4 Bxc5 (19... bxa4 20. Ba3 {/\ 21. Bf7 Kf7 22. Nc4+/-}) 20.
axb5 axb5 21. Bxf7+ (21. Qxb5 Rxa2) 21... Kxf7 22. Rxa8 Bxa8 23. Qxb5 $14) 14.
b4 Nc6 $2 (14... cxb4 15. cxb4 (15. axb4 Nc6 16. exd5 Nxd5 17. Ne4 Qd7 $13)
15... Nc6 16. Bb2 a5 $13) 15. exd5 $18 Nxd5 16. Ne4 cxb4 17. Nfg5 $1 (17. axb4
Qd7 {/\ Nd8}) 17... h6 (17... Qd7 18. Qh5 h6 19. Nxf7 Qxf7 (19... bxc3 20.
Nxh6+ $1 $18) 20. Qxf7+ Kxf7 21. Bxd5+ Kg6 22. axb4 $18) (17... Re7 18. Nxh7 (
18. Qf3 $18) 18... Kxh7 19. Qh5+ Kg8 20. Ng5 Nf6 21. Bxf7+ Rxf7 22. Qxf7+ Kh8
23. Qxb7 $18) 18. Qf3 $1 (18. Qh5 Re7 $13) 18... hxg5 (18... Re7 19. Nc5 $1 $18
) 19. Nxg5 $1 (19. Bxd5 $2 Qxd5 20. Nf6+ gxf6 21. Qxd5 bxc3 $17) 19... Qf6 20.
Qxd5 $1 (20. Qh5 $2 Bc5 21. Qh7+ Kf8 22. Ne4 Bxf2+ 23. Nxf2 (23. Kh1 Qh4) 23...
Nxc3 24. Ng4 (24. Ne4 Nxe4 25. Rf1 Nd4 26. Rxf6 Nxf6 27. Qh8+ Ng8 28. axb4 Rac8
$19) 24... Qd6 $13) (20. Bxd5 $2 Qxf3 21. gxf3 (21. Nxf3 bxc3 22. Ng5 Nd8)
21... Nd8 22. Bxb7 Nxb7 23. axb4 f6 24. Ne4 Red8 25. Rd1 a5 26. bxa5 Rxa5 27.
Rxa5 Nxa5 28. f4 $14) 20... Nd8 (20... Re7 21. Qe4 g6 22. Qh4 Qg7 (22... Bg7
23. Qh7+ Kf8 24. Ne4) 23. axb4 $18) (20... b3 21. Bxb3 (21. Qe4 $2 Bc5) 21...
Nd8 22. Qd7 Bc6 23. Qh3 Qg6 24. Ra2 $18) 21. Qd7 Bc6 22. Qh3 Bc5 $2 $138 (22...
Qh6 23. Qg3 (23. Nxf7 $2 Qxh3 24. Nxd8+ Kh7 25. gxh3 Rexd8 26. axb4 g6 $13)
23... Qh5 24. axb4 $18) (22... Qg6 23. axb4 Be7 24. Qg3 {/\ Nf7+-}) 23. d4 b3
24. Bxb3 Bb6 25. Qh7+ Kf8 26. Ra2 Bd7 27. Rae2 (27. Qe4 Qc6 28. Bd5 Qxc3 29.
Bd2) 27... Bf5 28. Rxe5 Rxe5 29. Rxe5 (29. Qh8+ Ke7 30. Rxe5+) 29... Bxh7 30.
Nxh7+ Kg8 31. Nxf6+ gxf6 32. Re8+ Kg7 33. h4 Rc8 34. Bd2 Ba5 35. g4 Bxc3 (35...
Rc6 36. h5 Bxc3 37. h6+ Kg6 38. Bc2+) 36. Rxd8 Rxd8 37. Bxc3 Rc8 38. Bd2 Rd8
39. d5 Ra8 40. Ba5 Kf8 41. d6 1-0

[Event "Candidates sf1"]
[Site "Linares"]
[Date "1992.??.??"]
[Round "8"]
[White "Short, Nigel D"]
[Black "Karpov, Anatoly"]
[Result "1-0"]
[WhiteElo "2685"]
[BlackElo "2725"]
[Annotator "Knaak,R"]
[PlyCount "71"]
[EventDate "1992.04.??"]
[EventType "match"]
[EventRounds "10"]
[EventCountry "ESP"]
[SourceTitle "Candidates"]
[Source "ChessBase"]
[SourceDate "1999.07.01"]
[SourceVersion "2"]
[SourceVersionDate "1999.07.01"]
[SourceQuality "1"]

{Mit dem Sieg in dieser 8. Matchpartie im Semifinale der
FIDE-Weltmeisterschaft geht Short erneut in Führung und gewinnt dann 5:3. Dass
Karpov trotz des Matchverlustes noch in den Wettbewerb zurück kommt und mit
Siegen gegen Timman (1993), Kamsky (1996) und einen gehandicapten Anand (1998)
den Weltmeistertitel der FIDE für weitere 6 Jahre halten kann, gehört zu den
seltsamsten, aber wenig so betrachteten Fügungen des Schachs der 90er Jahre.} 
1. e4 e5 2. Nf3 Nc6 3. Bb5 a6 4. Ba4 Nf6 5. O-O Be7 6. Qe2 {Eine selten
gespielte Variante, doch von Short früher schon angewendet.} b5 7. Bb3 O-O 8.
c3 d6 {Der andere Hauptzug ist 8...d5, aber der Exweltmeister verlor damit in
der sechsten Partie des Matches ziemlich klar.} 9. d4 Bg4 10. Rd1 exd4 11. cxd4
d5 12. e5 Ne4 13. a4 bxa4 {Die Theorie befürwortet 13...b4, doch sind die
Bewertungen in wenig gespielten Varianten nicht immer korrekt. Andererseits
bewährt sich die Partiefortsetzung auch nicht.} 14. Bxa4 Nb4 15. h3 Bh5 16. Nc3
Bg6 17. Be3 Rb8 18. Na2 $1 {Der schwarze Sb4 hat Verteidigungs- und
Angriffsfunktionen. Sein Tausch legt die Schwächen bloß.} c5 $5 (18... Nxa2 19.
Rxa2 {und die Rechnung ist einfach: Schwarz hat die schwachen Bauern a6, c7
und d5 während Weiß nur b2 verteidigen muß.}) 19. dxc5 Nxc5 20. Nxb4 Rxb4 21.
Bc6 Qb8 22. Bxd5 Rxb2 {Schwarz hält noch das materielle Gleichgewicht. Doch
der Raumvorteil von Weiß ist schon recht deutlich.} 23. Qc4 Rc2 $6 {Am Ende
wird sich der Turm verlaufen haben.} (23... Rb5 $2 24. Nd4) (23... Rc8) 24. Qg4
Qc7 25. Nd4 Rc3 26. Nc6 Re8 27. Bd4 Rc2 28. Nb4 {Das war's. Weiß gewinnt die
Qualität.} Rd8 29. Nxc2 Bxc2 30. e6 $1 {Beginn einer eleganten
Gewinnabwicklung.} Bf8 31. exf7+ Kh8 32. Re1 Bg6 33. Re8 Rxe8 34. fxe8=Q Bxe8
35. Bxc5 Bxc5 36. Qe6 1-0

[Event "Kerteminde"]
[Site "Kerteminde"]
[Date "1991.??.??"]
[Round "8"]
[White "Mortensen, Erling"]
[Black "Schandorff, Lars"]
[Result "1-0"]
[WhiteElo "2450"]
[BlackElo "2425"]
[Annotator "Kortschnoj,V"]
[PlyCount "97"]
[EventDate "1991.02.??"]
[EventType "tourn"]
[EventRounds "9"]
[EventCountry "DEN"]
[EventCategory "10"]
[SourceTitle "CBM 023"]
[Source "ChessBase"]
[SourceDate "1991.08.01"]
[SourceVersion "1"]
[SourceVersionDate "1991.08.01"]
[SourceQuality "1"]

1. e4 e5 2. Nf3 Nc6 3. Bb5 a6 4. Ba4 Nf6 5. O-O Be7 6. Qe2 b5 7. Bb3 d6 8. c3
O-O 9. d4 Bg4 10. Rd1 exd4 11. cxd4 d5 12. e5 Ne4 13. a4 $5 {Relatively new 
(or old!) idea.} b4 14. a5 Qd7 (14... Kh8 {In the old game Rjumin-Botvinnik,
15...Kh8 had been played, with inclusion of h3 Bh5.} 15. Be3 f6 16. Rc1 Na7 17.
Qxa6 $14 {was Mortensen's idea with tricky play.}) 15. Be3 f5 (15... f6 16. Qc2
{/\ Qe4 and Ba4.}) 16. Qc2 Nd8 17. Rc1 Rc8 18. Ne1 Kh8 19. Ba4 Qe6 20. Nd3 g5
21. f3 f4 22. Bf2 Nxf2 23. Qxf2 Bf5 24. Nc5 Bxc5 25. Rxc5 c6 26. Nd2 Nb7 27.
Rcc1 {White gradually has outplayed his opponent and is going to exploit black
pawn- weaknesses on both sides of the board.} Bd3 (27... Nxa5 28. Bb3 {or 28.
Bc2 and white recaptures a pawn with advantage.}) 28. Bc2 Bb5 29. Nb3 Rf7 {
Preparing the next move.} (29... c5 30. dxc5 Qxe5 31. Re1 Qxb2 32. Re7 {
is very unpleasant.}) 30. h3 c5 (30... Bc4 $5) 31. dxc5 Qxe5 32. Nd4 $1 Nxc5
33. Nxb5 axb5 34. Bf5 $1 (34. a6 $2 Nxa6 35. Rxa6 Qxb2 36. Raa1 b3 37. Rab1 Qa3
$1 {is not possible.}) (34. Bxh7 {is not so strong , too: after 34...d4 or Kh7
the position is unclear.}) 34... Rxf5 35. Rxc5 Rxc5 36. Qxc5 Qxb2 37. Re1 {
In spite of material advantage black's position is hardly defensible - his  
king is exposed to a strong attack, pawn a is also very dangerous.} Rf7 38.
Qxd5 Qf6 39. Re6 Qa1+ 40. Kh2 Rf8 41. a6 Qg7 42. Rb6 g4 43. hxg4 b3 44. Qxb3
Qe7 45. Qc3+ Kg8 46. Rxb5 Rd8 47. g5 Qe8 48. Qc4+ Kh8 49. Qxf4 1-0